| 000 | 05038nam a22005057a 4500 | ||
|---|---|---|---|
| 005 | 2008111806496.0 | ||
| 008 | 081118t xxu||||| |||| 00| 0 hin d | ||
| 010 | _aHIN-84999 B-322253-264 | ||
| 020 |
_c200.00 _a9788188081523 |
||
| 035 | _aHN-57345 | ||
| 035 | _aB-322253-264 | ||
| 035 | _aB-358770 | ||
| 037 | _bDBAD / PUB | ||
| 037 | _bदिशा प्रकाशन | ||
| 037 | _bपैन्सी बुक्स | ||
| 040 |
_aDPL _bHN |
||
| 082 | _a808.883 | ||
| 100 | _aखड़से, दामोदर | ||
| 245 |
_aएक सागर औरः _cदामोदर खड़से _b(अमेरिका की साहित्यिक यात्रा) / |
||
| 246 |
_aEk Sagar aur _bby Damodar Khadse |
||
| 260 |
_aदिल्ली _bदिशा प्रकाशन _c2008 |
||
| 270 |
_a138/16, त्रिनगर _bदिल्ली _e110035 |
||
| 300 |
_a127पृ _c22सेमी (सजिल्द) _bरंगीन सचित्र |
||
| 600 | _aखड़से, दामोदर | ||
| 600 | _aKhadse, Damodar | ||
| 650 | _aस्मृति साहित्य में | ||
| 650 | _aMemory in literature | ||
| 942 |
_2ddc _cHN _mखड़से _h808.883 |
||
| 999 |
_c18607 _d18607 |
||